Normal view
MARC view
Entry Nombre personal
001 - NÚMERO DE CONTROL
- campo de control: 1022
003 - IDENTIFICADOR DE NÚMERO DE CONTROL
- campo de control: DLC
005 - FECHA Y HORA DE LA ÚLTIMA TRANSACCIÓN
- campo de control: 20260406115946.0
008 - ELEMENTOS DE DATO DE LONGITUD-FIJA
- campo de control de longitud fija: 200807n| azannaabn |n aaa
010 ## - NÚMERO DE CONTROL DE LA BIBLIOTECA DEL CONGRESO
- Número de control de LC: n 2020043991
040 ## - FUENTE DE CATALOGACIÓN
- Centro catalogador/agencia de origen: DLC
- Centro/agencia transcriptor: DLC
- Normas de descripción: rda
100 1# - ENCABEZAMIENTO-NOMBRE DE PERSONA
- Nombre de persona: Blanco, Cecilia
373 ## - GRUPO ASOCIADO
- Grupo asociado: Universidad Nacional de Córdoba
374 ## - OCUPACIÓN
- Ocupación: College teachers
375 ## - GÉNERO/SEXO
- Género: female
377 ## - IDIOMA ASOCIADO
- Código del idioma: spa
670 ## - FUENTE DE DATOS ENCONTRADOS
- Cita de la fuente: Encuesta y estadística, 2017:
- Información encontrada: title page (Cecilia Blanco) front flap (degree of social communications from Universidad Nacional de Córdoba; professor of information sciences at Universidad Nacional de Córdoba)